Geocomputation with R: The R Series /
Saved in:
| Main Authors: | , , |
|---|---|
| Format: | Book |
| Language: | English |
| Published: |
Boca Raton:
CRC Press,
2025
|
| Edition: | 2. vyd. |
| Tags: |
No Tags, Be the first to tag this record!
|
MARC
| LEADER | 00000nam a22000003a 4500 | ||
|---|---|---|---|
| 001 | 0140384 | ||
| 003 | SK-STU | ||
| 005 | 20260305143654.3 | ||
| 007 | ta | ||
| 008 | 260305s ----xo-----e------000-0-----d | ||
| 020 | |a 978-1-032-24888-2 | ||
| 040 | |a STU |b slo | ||
| 041 | 0 | |a eng |h eng | |
| 044 | |a xxu | ||
| 100 | 1 | |a Lovelace, Robin |4 aut | |
| 245 | 1 | 0 | |a Geocomputation with R: |b The R Series / |c aut. Robin Lovelace, Jakub Nowosad, Jannes Muenchov |
| 250 | |a 2. vyd. | ||
| 260 | |a Boca Raton: |b CRC Press, |c 2025 | ||
| 300 | |a 399 s. | ||
| 700 | 1 | |a Nowosad, Jakub |4 aut | |
| 700 | 1 | |a Muenchov, Jannes |4 aut | |
| 996 | |c V* 53779/O-24846 |l VV3 |s P |a 0 |w 0140384_0001 | ||